| 000 | 00706nac a22002051u 4500 | ||
|---|---|---|---|
| 008 | 100907t1997 ohu|||||r|||| 001 0 eng d | ||
| 010 | _a96031114 | ||
| 020 | _a0133815838 | ||
| 082 | 0 | 0 |
_a624.1821 _bSPI _222 |
| 100 |
_aSpiegel, Leonard. _918706 |
||
| 245 | 1 | 0 |
_aApplied Structural Steel Design / _cLeonard Spiegel, George F. Limbrunner. |
| 250 | _a3rd ed. | ||
| 260 |
_aUpper Saddle River, N.J. : _bPrentice Hall, _cc1997. |
||
| 300 |
_axiv, 530 p. : _bill. ; _c25 cm. |
||
| 504 | _aIncludes bibliographical references and index. | ||
| 650 | 0 |
_aBuilding, Iron and steel. _918707 |
|
| 650 | 0 |
_aStructural design. _918708 |
|
| 700 | 1 |
_aLimbrunner, George F. _918709 |
|
| 942 |
_cBB _k624.1821SPI _2ddc |
||
| 999 |
_c961 _d961 |
||